000 00960cam a22002651i 4500
003 SA-RiAUC
005 20251230075902.0
008 251227s2002 mk g b f00000 ara c
040 _aOM-MuSQU
_bara
_cSA-RiAUC
_erda
050 4 _b. A97 2002
082 0 4 _a252.42
_qSA-RiAUC
090 _a252.42
_bع ي س
100 1 _aالعيسرية، عزة بنت محمد،
_d1967-2016
_eمؤلف.
245 1 2 _aالوجيز في زكاة النقود /
_cعزة بنت محمد العيسرية.
264 1 _aمسقط :
_bوزارة الأوقاف والشؤون الدينية،
_c2002
300 _a49 صفحة ؛
_c17 سم
336 _aنص
_btxt
_2rdacontent
_3كتاب
337 _aبدون وسيط
_bn
_2rdamedia
338 _aمجلد
_bnc
_2rdacarrier
504 _aببليوجرافية : صفحة 47.
590 _aحمود.
650 7 _aزكاة المال
_2aucsh
942 _2ddc
_cBOOK
_n0
949 _aSA-JeALM
_d251227
_umohamedma123
_n1
999 _c13823
_d13823